| 000 | 00403nam a2200169Ia 4500 | ||
|---|---|---|---|
| 001 | 7038 | ||
| 008 | 140321s9999 xx 000 0 und d | ||
| 020 | _a0-205-27781-0 | ||
| 040 | _cPK-LaUMT | ||
| 082 |
_a 004.67 _bWHI-Q |
||
| 100 | _aWhitford, Fred W. | ||
| 245 |
_aQuick guide to the internet for psychology _cWhitford, Fred W. |
||
| 260 | _c1998 | ||
| 300 | _a115 p. | ||
| 546 | _aEN | ||
| 942 | _cBK | ||
| 999 |
_c8519 _d8519 |
||